000 02173 a2200205 4500
020 _a0071151362
020 _a9780071151368
082 0 4 _a658.45
090 _c3040
_d3040
100 1 _aArgenti, Paul A.
245 1 0 _aCorporate communication /
_cPaul A. Argenti.
250 _a3nd ed.
260 _a[S.l.] :
_bIrwin/McGraw-Hill,
_c2002.
300 _a236 p. ;
_c24 cm.
500 _aHardcover.
520 _a"Corporate Communication" by Paul Argenti was the very first and remains the most comprehensive text available on the subject. The 3rd Edition of Argenti's text and cases work describes changes in the environment for business that have taken place over the last half-century and their implications for corporate communication. While attitudes about business have never been totally positive, they have reached an all-time low in recent years - mistrust and skepticism of corporate entities is high, as are expectations that companies will "give back" to society through philanthropy, community involvement, or environmental protection activities. This book not only describes what's happening in an era of advanced communication but what companies can do to stay one step ahead of the competition. By creating a coordinated corporate communication system, organizations will be able to face the new century with the strategies and tools that few companies in the world have at their fingertips yet. "Corporate Communication, 3rd Edition", is written by one of the worlds leading experts who helped define the field, provides an overview of Corporate Communication and its various sub-functions, including Media Relations, Crisis Communication, Internal Communication, and Investor Relations. Argenti offers adopters communication frameworks developed over 23 years of teaching at the premier business schools in the country, and brings them to life using examples gleaned from his extensive consulting work with Fortune 500 companies.
856 4 0 _3Amazon.com
_uhttp://www.amazon.com/exec/obidos/ASIN/0071151362/chopaconline-20
856 4 0 _3Amazon customer reviews
_uhttp://www.chopac.org/cgi-bin/tools/azrev.pl?q=0071151362
942 _aNBS
_cBK
_k658.45 ARG
999 _c345530
_d345530